| 000 | 00664nam a2200181Ia 4500 | ||
|---|---|---|---|
| 008 | 090630s9999 xx 000 0 und d | ||
| 082 | _b2401 | ||
| 100 | _aबेहरे श्री. ना. | ||
| 245 |
_aबेल तेल वॉर्निश पॉलिश. _cबेहरे श्री. ना. |
||
| 260 |
_bउद्यम. _c1959 |
||
| 300 | _a150 | ||
| 600 | _aबेहरे श्री. ना. | ||
| 630 | _aबेल तेल वॉर्निश पॉलिश. | ||
| 655 | _aइतर. | ||
| 700 | _aबेहरे श्री. ना. | ||
| 730 | _aबेल तेल वॉर्निश पॉलिश. | ||
| 942 | _cBOOK | ||
| 999 |
_c254257 _d254257 |
||